La nueva novela histórica de la América Latina, 1979-1992
Salvato in:
| Autore principale: | |
|---|---|
| Natura: | Libro |
| Lingua: | spagnolo |
| Pubblicazione: |
Ciudad de México
Fondo de Cultura Económica
1993
|
| Serie: | Popular, 490
|
| Soggetti: | |
| Tags: |
Aggiungi Tag
Nessun Tag, puoi essere il primo ad aggiungerne!!
|
MARC
| LEADER | 00000nam a2200000 a 4500 | ||
|---|---|---|---|
| 001 | UCS4578 | ||
| 003 | CL-VaPUC | ||
| 008 | 970808e19930000MX |||||||||||||||||spa|d | ||
| 082 | 0 | 4 | |a H863.09 |b MEN |2 21 |
| 100 | |a Menton, Seymour |e autor |9 475370 | ||
| 245 | 1 | 3 | |a La nueva novela histórica de la América Latina, 1979-1992 |
| 300 | |a 311 p | ||
| 942 | |c BK | ||
| 945 | |d 19970808 00:00:00 |a rleighto | ||
| 260 | |a Ciudad de México |b Fondo de Cultura Económica |c 1993 | ||
| 650 | 7 | |a NOVELA HISPANOAMERICANA |2 CL-VaPUC |9 309990 | |
| 650 | 0 | |a Historia y crítica |9 257407 | |
| 650 | 0 | |a Crítica literaria |9 269189 | |
| 650 | 7 | |a LITERATURA HISPANOAMERICANA SIGLO 20 |2 CL-VaPUC |9 378271 | |
| 651 | 0 | |a América Latina |9 255027 | |
| 583 | |a last modification |c 20160912 11:30:48 |k Rodrigo Vera | ||
| 490 | 0 | |a Popular, 490 | |
| 999 | |c 261549 |d 261547 | ||